Financial Management, (Record no. 5097)

MARC details
005 - DATE AND TIME OF LATEST TRANSACTION
control field 20250625141002.0
020 ## - INTERNATIONAL STANDARD BOOK NUMBER
International Standard Book Number 978-93-81938-79-9
082 ## - DEWEY DECIMAL CLASSIFICATION NUMBER
Classification number 658.15 PAN
100 ## - MAIN ENTRY--PERSONAL NAME
Author name PANDEY, I.M.
245 ## - TITLE STATEMENT
Title Financial Management,
250 ## - EDITION STATEMENT
Edition statement 9th Ed.
260 ## - PUBLICATION, DISTRIBUTION, ETC.
Place of publication, distribution, etc. New Delhi
Name of publisher, distributor, etc. Vikas Publishing House PVT Limited,
Date of publication, distribution, etc. 2004.
300 ## - PHYSICAL DESCRIPTION
Extent 767p.; ill,; picture,
Dimensions 27cm
942 ## - ADDED ENTRY ELEMENTS (KOHA)
Source of classification or shelving scheme Dewey Decimal Classification
Koha item type Books
Holdings
Date last seen Total checkouts Full call number Barcode Date last checked out Cost, replacement price Price effective from Koha item type Lost status Source of classification or shelving scheme Damaged status Not for loan Withdrawn status Home library Current library Shelving location Date acquired
01/05/2026 1 658.15PAN DOM000761 01/02/2026 105000.00 06/25/2025 Books   Dewey Decimal Classification       CBE Dodoma CBE Dodoma Special Reserve Collection 12/20/2010